000 00435cam a22001217a 4500
008 180718b1968 xxu||||| |||| 00| 0 eng d
082 _aB706 x42 Un3 RS 2
245 _aThe lessons of the London government reforms
_cBy University of London
260 _aLondon
_bHMSO
_c1968
300 _a79p.
650 _aHillingdon (London, England) -- Politics and government
650 _aLondon metropolitan area (England) -- Politics and government
999 _c415273
_d415273